Le respect de la vie (Record no. 183670)

MARC details
000 -LEADER
campo de control de longitud fija 01047nam a2200229 i 4500
001 - NÚMERO DE CONTROL
campo de control 183670
003 - IDENTIFICADOR DE NÚMERO DE CONTROL
campo de control ES-MaACL
005 - FECHA Y HORA DE LA ÚLTIMA TRANSACCIÓN
campo de control 20251108164905.0
008 - DATOS DE LONGITUD FIJA--INFORMACIÓN GENERAL
campo de control de longitud fija 140918s1872 fr |||| | fre d
245 03 - MENCIÓN DEL TÍTULO
Título Le respect de la vie
Resto del título : séance de la Fédération Générale des Instituteurs Belges /
Mención de responsabilidad, etc. discours de M.M. H. Hymans, Frédéric Passy, A. Visschers, etc ...
260 ## - PUBLICACIÓN, DISTRIBUCIÓN, ETC.
Lugar de publicación, distribución, etc. Paris :
Nombre del editor, distribuidor, etc. Pichon :
-- Guillaumin,
Fecha de publicación, distribución, etc. [1872]
300 ## - DESCRIPCIÓN FÍSICA
Extensión 115 p. ;
Dimensiones 16 cm.
490 1# - MENCIÓN DE SERIE
Mención de serie Bibliothèque de la paix publiée par les soins de la Ligue internationale et permanente de la paix ;
Designación de volumen o secuencia 12
650 04 - PUNTO DE ACCESO ADICIONAL DE MATERIA--TÉRMINO DE MATERIA
Término de materia o nombre geográfico como elemento de entrada Pacifismo.
9 (RLIN) 15784
700 1# - ENTRADA AGREGADA--NOMBRE PERSONAL
Nombre de persona Hymans, Henri,
Fechas asociadas al nombre 1836-1912
9 (RLIN) 64882
700 0# - ENTRADA AGREGADA--NOMBRE PERSONAL
Nombre de persona Passy, Frédéric.
9 (RLIN) 89461
700 1# - ENTRADA AGREGADA--NOMBRE PERSONAL
Nombre de persona Visschers, Auguste,
Fechas asociadas al nombre 1804-1874
9 (RLIN) 155541
710 2# - ENTRADA AGREGADA--NOMBRE DE ENTIDAD CORPORATIVA
Nombre de entidad corporativa o nombre de jurisdicción como elemento de entrada Ligue Internationale et Permanente de la Paix.
9 (RLIN) 155478
830 0# - PUNTO DE ACCESO ADICIONAL DE SERIE-TÍTULO UNIFORME
Título uniforme Bibliothèque de la paix publiée par les soins de la Ligue internationale et permanente de la paix ;
Designación de volumen o secuencia 12
9 (RLIN) 192012
852 ## - LOCALIZACIÓN
Ubicación ES-MaACL
Número de control de estantería T-1295-F-5
Nota libre .- Donat. Bosch
Holdings
Estatus retirado Estado de pérdida Estado de daño No para préstamo Colección Biblioteca de origen Biblioteca actual Ubicación en estantería Fecha de adquisición Fuente de adquisición Total de préstamos Signatura topográfica completa Código de barras Visto por última vez Precio de reemplazo Tipo de ítem Koha
        Colección de folletos Biblioteca del Ateneo de Madrid Biblioteca del Ateneo de Madrid Depósito folletos 18/09/2014     T-1295-F-5 1193092 23/02/2023 23/02/2023 Folleto